| 000 | 00394nam a2200133Ia 4500 | ||
|---|---|---|---|
| 005 | 20260328104312.0 | ||
| 008 | 260328s9999||||xx |||||||||||||| ||und|| | ||
| 100 | _aMartínez, Carlos | ||
| 245 | 0 |
_aApuntes sobre el Urbanismo en el Nuevo Reino de Granada / _cCarlos Martínez |
|
| 260 | _bTalleres Gráficos del Banco de la República | ||
| 300 | _a180 p. | ||
| 650 | _aURBANISMO | ||
| 942 | _cBK | ||
| 999 |
_c11007 _d11007 |
||